| 000 | 00634nam a2200193Ia 4500 | ||
|---|---|---|---|
| 003 | OSt | ||
| 005 | 20250609100333.0 | ||
| 008 | 210210b1986 xxu||||| |||| 00| 0 eng d | ||
| 040 | _cAL | ||
| 041 | _aKannada | ||
| 082 | _aK894.308 NAGM | ||
| 100 |
_aNAGATIHALLI CHANDRASHEKARA _dನಾಗತಿಹಳ್ಳಿ ಚಂದ್ರಶೇಖರ _9213280 |
||
| 245 |
_aMalenadina hudugi bayalusimeya huduga _bಮಲೆನಾಡಿನ ಹುಡುಗಿ ಬಯಲುಸೀಮೆಯ ಹುಡುಗ |
||
| 260 |
_aBengaluru _bAbhivyakti _c1986 |
||
| 300 | _aix,172 | ||
| 690 |
_aKannada Fiction _9213281 |
||
| 906 | _a038942 | ||
| 942 |
_2ddc _cBK |
||
| 999 |
_c88996 _d88996 |
||